000 00498nam a2200193Ia 4500
003 OSt
005 20230321112315.0
008 210423s2011 xx 000 0 und d
020 _a9789380578118
040 _cAL
041 _aeng
082 _a547.2028 ASHS
100 _aASHRAF (S M);others.
_944034
245 _aLaboratory manual of metals and alloys.
260 _aNew Delhi
_bI K International Publishing House
_c2011
300 _aix,146
_bPB
365 _b145
_cINR
942 _2ddc
_cBK
999 _c154939
_d154939